Airlines serving Toronto-Pearson (YYZ) - Statistics

General Stats
  • This quiz has been taken 26 times
  • The average score is 40 of 54
Answer Stats
Airline % Correct
Air Canada
100%
American Airlines
100%
Delta Air Lines
100%
WestJet
100%
Aer Lingus
94%
Air China
94%
Air France
94%
Air India
94%
British Airways
94%
Emirates
94%
KLM
94%
Lufthansa
94%
United Airlines
94%
Aeroméxico
88%
Korean Air
88%
Avianca
81%
Cathay Pacific
81%
Etihad Airways
81%
Iberia
81%
Icelandair
81%
Alaska Airlines
75%
China Eastern Airlines
75%
China Southern Airlines
75%
Ethiopian Airlines
75%
Porter Airlines
75%
Qatar Airways
75%
Royal Air Maroc
75%
Saudia
75%
TAP Air Portugal
75%
Turkish Airlines
75%
Virgin Atlantic
75%
Air Transat
69%
Condor
69%
Finnair
69%
Flair Airlines
69%
ITA Airways
69%
LOT Polish Airlines
69%
Royal Jordanian
69%
Scandinavian Airlines
69%
Air North
63%
Biman Bangladesh Airlines
63%
Caribbean Airlines
63%
Copa Airlines
63%
Egyptair
63%
EVA Air
63%
Hainan Airlines
63%
Pakistan International Airlines
63%
Azores Airlines
56%
Philippine Airlines
56%
Swiss International Air Lines
56%
Air Serbia
50%
Sun Country Airlines
38%
Arajet
31%
BermudAir
31%
No matching quizzes found
Score Distribution
Percent of People with Each Score
Percentile by Number Answered
Your Score History
You have not taken this quiz